[Event "Getxo op 4th"]
[Site "Getxo"]
[Date "2019.09.10"]
[Round "4"]
[White "Grandes Arnaiz, Jose Ramon"]
[Black "Esteban Bernardo, Oier"]
[Result "0-1"]
[WhiteElo "1318"]
[BlackElo "1040"]
[PlyCount "29"]
[EventDate "2019.09.08"]
[EventType "swiss"]
[EventRounds "9"]
[EventCountry "ESP"]
[SourceTitle "EXT 2020"]
[Source "ChessBase"]
[SourceDate "2019.10.17"]
[SourceVersion "1"]
[SourceVersionDate "2019.10.17"]
[SourceQuality "1"]

1. Nf3 b6 2. c4 Bb7 3. g3 g5 4. h3 Nf6 5. Bg2 e6 6. Nc3 h6 7. b3 Nc6 8. Bb2 Be7 9. e3 Nb4 10. d4 d5 11. a3 Nc6 12. Qe2 Na5 13. Qd1 dxc4 14. bxc4 Nxc4 15. Qc2 0-1